000 01197cam a2200385 4500
008 090401t1997 xxu||||| |||| 00| 0 eng d
020 _a0333657659
035 _a(Sirsi) u3492
041 _aeng
050 _a333.33
100 _aWeatherhead, Marion
245 _aReal estate in corporate strategy.
260 _aBasingstoke
_bMacmillan
_c1997
300 _axviii,312p. ; 24cm.
350 _a29.95
490 _aMacmillan Building and Surveying Series
520 _aLooks at the inportance of property for businesses in the UK, its place in corporate strategy, ownership choices, development, management and a number of case studies including Marks & Spencer and Boots.
650 _aBOOTS COMPANY PLC
650 _aBT PLC
650 _aCONRAD RITBLAT GROUP PLC
650 _aCORPORATE FINANCE
650 _aCORPORATE PROPERTY
650 _aCORPORATE REAL ESTATE
650 _aCORPORATE STRATEGY
650 _aIBM UK LTD
650 _aJ SAINSBURY PLC
650 _aMARKS & SPENCER PLC
650 _aOWNERSHIP
650 _aProperty management
_96262
650 _aRENTING
650 _aZ/YEN LTD
690 _aPROPERTY
942 _n0
948 _c04/03/1997
999 _c85891
_d85891